000 00847nam a22003130a 4500
001 PT53661
003 AR-LpoUNG
005 20210131231612.0
008 191001s2015||||ag |||||||||||||||||spa d
020 _a9789875452701
_c$24
040 _aAR-LpoUNG
_bspa
_cAR-LpoUNG
_eaacr
041 _aspa
044 _aag
082 0 _a808.068 3 574cue
100 1 _aCinetto, Liliana
245 1 0 _aCuentos locos para leer poco a poco
250 _a1ra. ed., 4ta. reimpr.
260 _aBuenos Aires :
_bNorma,
_c2015.
300 _a61 p. :
_bil.
505 0 _aSugerido a partir de 6 años (etiqueta AMARILLA)
650 4 _aARGENTINA
650 4 _aCUENTOS
650 4 _aLITERATURA
651 4 _aDOCUMENTOS TEORICOS O METODOLOGICOS
653 _aLITERATURA INFANTIL
700 1 _aFarías, Carolina
_eil.
905 _a53661
942 _cLIB
999 _c10940
_d10940